Heterotransplantation of Tumours : Part III. Viability of Cells of the Ehrlich Ascites Mouse Tumour Heterotransplanted to Adult Rats Treated and Non-Treated with Cortisone, in the Anterior Eye Chamber, Subcutaneously and Intraperitoneally

Podrobná bibliografia
Hlavní autori: Oravec, Ctirad, 1924-2003 (Autor), Kossey, P. (Autor), Smidová, V.-Kovárová (Autor)
Médium: Článok
Jazyk:angličtina

MARC

LEADER 00000nab a2200000ua 4500
001 vtls010827541
003 SK-MaSNL
005 20260303210848.0
008 230222s1959 xo |||||||||||||||||eng|
035 |a (urnnbn)urn:nbn:sk:snk:ar-a06bwo 
035 |a urn:nbn:sk:snk-ab5tca 
035 |a (uuid)4adfa1c9-8bcd-42ab-9041-18a8f271dbb9 
040 |a SNKBUCL  |b slo  |c SNKBUCL  |e AACR2 
041 0 |a eng 
044 |a xo  |c SK 
100 1 |a Oravec, Ctirad,  |d 1924-2003  |4 aut  |9 7621 
245 1 0 |a Heterotransplantation of Tumours :  |b Part III. Viability of Cells of the Ehrlich Ascites Mouse Tumour Heterotransplanted to Adult Rats Treated and Non-Treated with Cortisone, in the Anterior Eye Chamber, Subcutaneously and Intraperitoneally  |c C. Oravec, P. Kossey, V. Smidová-Kovárová 
700 1 |a Kossey, P.  |4 aut  |9 1139556 
700 1 |a Smidová, V.-Kovárová  |4 aut  |9 1243092 
773 0 |t Neoplasma : journal of experimental and clinical oncology  |g Roč. 6, č. 4 (1959), s. 390-394 
958 |a OND 
958 |a EUIPO 
958 |a article5 
999 |c 2202160  |d 2204090